|
|
|
|
| LEADER |
01363nam a2200373 4500 |
| 001 |
000005200 |
| 003 |
1343 |
| 005 |
20120410080419.0 |
| 008 |
110811s1987 viesd |
| 020 |
|
|
|c 0
|
| 041 |
0 |
|
|a vie
|
| 082 |
|
|
|a 895.92208
|b LU-L
|
| 100 |
0 |
|
|a Lưu Trọng Lư
|
| 245 |
|
0 |
|a Tuyển tập Lưu Trọng Lư
|b Thơ, văn xuôi và kịch thơ
|c Nguyễn Văn Long sưu tầm, tuyển chọn và giới thiệu; Hoàng Trung Thông viết lời bạt
|
| 260 |
|
|
|a H.
|b Văn học
|c 1987
|
| 300 |
|
|
|a 451 tr : chân dung
|c 19 cm
|
| 490 |
|
|
|a Văn học hiện đại Việt Nam
|
| 653 |
|
|
|a Văn học hiện đại
|
| 653 |
|
|
|a Việt Nam
|
| 653 |
|
|
|a Văn xuôi
|
| 653 |
|
|
|a Thơ
|
| 700 |
|
|
|a Nguyễn Văn Long
|e sưu tầm, tuyển chọn và giới thiệu
|
| 700 |
|
|
|a Hoàng Trung Thông
|e viết lời bạt
|
| 910 |
|
|
|a Nguyễn Thị Kim Oanh
|d 11/ 08/ 2011
|
| OWN |
|
|
|a LSP
|
| AVA |
|
|
|a UDN50
|b LSP
|d 895.92208 LU-L
|e available
|t Error 5001 Not defined in file expand_doc_bib_avail.
|f 4
|g 1
|h N
|i 0
|k 1
|
| 999 |
|
|
|a From the UDN01
|
| AVA |
|
|
|a UDN50
|b LSP
|d 895.92208 LU-L
|e available
|t Error 5001 Not defined in file expand_doc_bib_avail.
|f 4
|g 1
|h N
|i 0
|k 1
|
| TYP |
|
|
|a Monograph
|
| TYP |
|
|
|a Printed language
|
| 980 |
|
|
|a Mạng thư viện Đại học Đà Nẵng
|